<?xml version="1.0" encoding="UTF-8"?>
<record
    xmlns:xsi="http://www.w3.org/2001/XMLSchema-instance"
    xsi:schemaLocation="http://www.loc.gov/MARC21/slim http://www.loc.gov/standards/marcxml/schema/MARC21slim.xsd"
    xmlns="http://www.loc.gov/MARC21/slim">

  <leader>00369nam a2200145Ia 4500</leader>
  <controlfield tag="008">100122s9999    xx            000 0 und d</controlfield>
  <datafield tag="082" ind1=" " ind2=" ">
    <subfield code="b">18348</subfield>
    <subfield code="a">823</subfield>
  </datafield>
  <datafield tag="100" ind1=" " ind2=" ">
    <subfield code="a">&#x938;&#x93E;&#x927;&#x932;&#x947; &#x906;&#x928;&#x902;&#x926;</subfield>
  </datafield>
  <datafield tag="245" ind1=" " ind2=" ">
    <subfield code="a">&#x938;&#x92F;</subfield>
  </datafield>
  <datafield tag="260" ind1=" " ind2=" ">
    <subfield code="b">&#x917;.&#x92A;&#x93E;&#x902;.&#x92A;&#x930;&#x91A;&#x941;&#x930;&#x947; &#x92A;&#x94D;&#x930;&#x915;&#x93E;&#x936;&#x928;</subfield>
    <subfield code="c">1905</subfield>
  </datafield>
  <datafield tag="300" ind1=" " ind2=" ">
    <subfield code="a">143</subfield>
  </datafield>
  <datafield tag="630" ind1=" " ind2=" ">
    <subfield code="a">&#x938;&#x92F;</subfield>
  </datafield>
  <datafield tag="730" ind1=" " ind2=" ">
    <subfield code="a">&#x938;&#x92F;</subfield>
  </datafield>
  <datafield tag="942" ind1=" " ind2=" ">
    <subfield code="c">BOOK</subfield>
  </datafield>
  <datafield tag="999" ind1=" " ind2=" ">
    <subfield code="c">407778</subfield>
    <subfield code="d">407775</subfield>
  </datafield>
  <datafield tag="952" ind1=" " ind2=" ">
    <subfield code="0">1</subfield>
    <subfield code="1">0</subfield>
    <subfield code="4">0</subfield>
    <subfield code="7">0</subfield>
    <subfield code="a">SVPPARLE</subfield>
    <subfield code="b">SVPPARLE</subfield>
    <subfield code="d">1972-09-29</subfield>
    <subfield code="g">8.00</subfield>
    <subfield code="l">0</subfield>
    <subfield code="o">18348</subfield>
    <subfield code="p">SVPPARLE-18348</subfield>
    <subfield code="r">2010-01-25 00:00:00</subfield>
    <subfield code="v">8.00</subfield>
    <subfield code="w">2010-01-25</subfield>
    <subfield code="y">BOOK</subfield>
    <subfield code="z">4)&#x915;&#x93F;&#x902;&#x92E;&#x924; &#x935;&#x938;&#x941;&#x932; Lost</subfield>
  </datafield>
</record>
